000 00331nam a22001457a 4500
005 20260413155328.0
008 160629b xxu||||| |||| 00| 0 eng d
041 _aeng
082 _a054
245 _aManorama Year Book 2010
260 _bMalayala Manorama
300 _a1016
650 _aGeneral periodicals
_98982
942 _cBK
999 _c4682
_d4680